Letectvo ... ročník ilustrovaného časopisu pre propagáciu letectva a obrany občianstva pred útokmi shora
Mesačník pre brannosť a letectvo Ministerstvo vnútra a MNO nariadením č. 3528 - hl. št./br. vých. 1938 vyhlásilo časopis Letectvo za príručku a orgán pre propagáciu CPO, brannosti a letectva na Slovensku
| New Title: | Letectvo - Slovenské krídla |
|---|---|
| Other Authors: | |
| Format: | Journal |
| Language: | Slovak |
| PhysicalDescription: | 3 zv. 24 cm |
| Published: |
Bratislava
[Redakčný zbor „Letectva“]
1936-1939
|
| ISSN: | 1337-5768 1337-5776 |
| Subjects: |
MARC
| LEADER | 00000cas a2200000 a 4500 | ||
|---|---|---|---|
| 001 | vtls010300190 | ||
| 003 | SK-MaSNL | ||
| 005 | 20260228162751.0 | ||
| 008 | 220622d19361939xo mr p 0 b0slo | ||
| 022 | |a 1337-5768 | ||
| 040 | |a SNK |b slo |c SNK |e AACR2 | ||
| 041 | 0 | |a slo | |
| 044 | |a xo |c SK | ||
| 072 | 7 | |a 629 |x Dopravné prostriedky |2 konspekt | |
| 072 | 7 | |a 355/359 |x Vojenstvo. Obrana krajiny. Ozbrojené sily |2 konspekt | |
| 080 | |a 629.7 |2 2011 | ||
| 080 | |a 050 |2 2011 | ||
| 080 | |a (051)-048.55 |2 2011 | ||
| 080 | |a 355.586 |2 2011 | ||
| 210 | 0 | |a Letectvo | |
| 222 | 0 | |a Letectvo | |
| 245 | 0 | 0 | |a Letectvo |b ... ročník ilustrovaného časopisu pre propagáciu letectva a obrany občianstva pred útokmi shora |
| 260 | |a Bratislava |b [Redakčný zbor „Letectva“] |c 1936-1939 | ||
| 300 | |a 3 zv. |c 24 cm | ||
| 310 | |a 1x mesačne |b 1937/1938-1938/1939 | ||
| 321 | |a 24x ročne |b 1936/1937-24/1937 | ||
| 362 | 0 | |a Roč. I, č. 1 (1936)-roč. III, č. 10 (1939) | |
| 500 | |a Súčasťou podnázvu je poradové číslo | ||
| 500 | |a Hlav. a zodp. red.: Gabriel Vlasák | ||
| 500 | |a Podnázov: od r. 1938, ... ročník ilustrovanej príručky a orgánu pre propagáciu CPO, brannosti a letectva | ||
| 515 | |a Ročník začína septembrom, cez júl a august nevychádza | ||
| 520 | |a Mesačník pre brannosť a letectvo Ministerstvo vnútra a MNO nariadením č. 3528 - hl. št./br. vých. 1938 vyhlásilo časopis Letectvo za príručku a orgán pre propagáciu CPO, brannosti a letectva na Slovensku | ||
| 650 | 0 | 7 | |a letectvo |2 SNKPH |9 23632 |
| 650 | 0 | 7 | |a branná výchova |2 SNKPH |9 71875 |
| 655 | 7 | |a špecializované časopisy |2 SNKPH |9 70509 | |
| 700 | 1 | |a Vlasák, Gabriel |4 pbd |4 lso |9 5816 | |
| 770 | 0 | |t Repülésügy | |
| 785 | 0 | 0 | |t Letectvo - Slovenské krídla |x 1337-5776 |w vtls010300183 |
| 910 | |a snk | ||
| 916 | |a 1936/37-1938/39 | ||
| 999 | |c 8312 |d 10242 | ||
| 952 | |0 0 |1 0 |4 0 |7 0 |8 1 |a SNK |b SNK |d 1998-09-02 |f 1 |i snkČSD 213/57 |l 0 |o snkČSC 511/1/1936-1937 |p 17A0157034 |r 2005-01-02 00:00:00 |t č. 1-24 |w 2026-02-21 |y PREZ |z Ročník venovaný slovutnému pánu p. Františkovi Machníkovi, ministrovi národnej obrany, na znak úcty a úprimného obdivu ním vykonanej práce, ktorá každému roduvernému občanovi nášho štátu je milá a vzácna | ||
| 952 | |0 0 |1 0 |4 0 |7 0 |8 3 |a SNK |b SNK |d 1998-09-02 |f 1 |i snkK 2285/75 |l 0 |o snkČSC 511/2/1937-1938 |p 17A0157033 |r 2005-01-02 00:00:00 |t č. 1-10 |w 2026-02-21 |y PREZ |z Obsahuje aj samostatne číslované zvláštne vydanie čísla 5 ; ročník venovaný slovutnému pánu dr. Jozefovi Černému, ministrovi vnútra, na znak úcty a poďakovania za veľmi cennú prácu na poli CPO a štátnej bezpečnosti, ktorú v prospech každého z nás vykonal | ||
| 952 | |0 0 |1 0 |4 0 |7 0 |a SNK |b SNK |d 2003-11-28 |l 0 |o snkČSC 511/2/1937-1938 D1 |p 17A0406814 |r 2005-01-02 00:00:00 |t č. 1-10 |w 2026-02-21 |y PREZ | ||
| 952 | |0 0 |1 0 |4 0 |7 0 |8 5 |a SNK |b SNK |d 2003-11-28 |i snkF 3674/83 |l 0 |o snkČSC 511/3/1938-1939 |p 17A0406805 |r 2005-01-02 00:00:00 |w 2026-02-21 |y PREZ | ||
| 952 | |0 0 |1 0 |4 0 |7 0 |8 5 |a SNK |b SNK |d 1998-09-02 |f 1 |l 0 |o snkČSC 511/3/1938-1939 |p 17A0157027 |r 2005-01-02 00:00:00 |t č. 1-10 |w 2026-02-21 |y PREZ |z Č. 1 a č. 2 obsahuje CPO časť ilustrovanej príručky a orgánu ""Letectvo"" | ||
| 952 | |0 0 |1 0 |4 0 |7 0 |8 1 |a SNK |b SNK |d 2005-04-18 |i snkD 2967/60 |l 0 |o snkČSC 511/1/1936-1937 D1 |p 17A0466521 |r 2026-02-21 21:21:11 |t č. 1-24 |w 2026-02-21 |y PREZ | ||


